| 000 | 01508nam a2200397 a 4500 | ||
|---|---|---|---|
| 001 | ebr10217787 | ||
| 003 | CaPaEBR | ||
| 006 | m u | ||
| 007 | cr cn||||||||| | ||
| 008 | 070205s2007 inuab sb s001 0 eng | ||
| 010 | _z 2007004502 | ||
| 015 |
_aGBA738869 _2bnb |
||
| 016 | 7 |
_z013751325 _2Uk |
|
| 020 | _z9780253349101 (cloth) | ||
| 020 | _z0253349109 (cloth) | ||
| 020 | _z9780253219152 (pbk.) | ||
| 020 | _z0253219159 (pbk.) | ||
| 040 |
_aCaPaEBR _cCaPaEBR |
||
| 035 | _a(OCoLC)228112121 | ||
| 043 | _af-mg--- | ||
| 050 | 1 | 4 |
_aDT469.M276 _bG73 2007eb |
| 082 | 0 | 4 |
_a969.1 _222 |
| 100 | 1 | _aGraeber, David. | |
| 245 | 1 | 0 |
_aLost people _h[electronic resource] : _bmagic and the legacy of slavery in Madagascar / _cDavid Graeber. |
| 260 |
_aBloomington : _bIndiana University Press, _cc2007. |
||
| 300 |
_axiii, 469 p. : _bill., maps. |
||
| 504 | _aIncludes bibliographical references (p. 437-445) and index. | ||
| 533 |
_aElectronic reproduction. _bPalo Alto, Calif. : _cebrary, _d2013. _nAvailable via World Wide Web. _nAccess may be limited to ebrary affiliated libraries. |
||
| 650 | 0 |
_aEthnology _zMadagascar _zBetafo. |
|
| 650 | 0 |
_aSlavery _zMadagascar _zBetafo. |
|
| 651 | 0 |
_aBetafo (Madagascar) _xHistory. |
|
| 651 | 0 |
_aBetafo (Madagascar) _xSocial life and customs. |
|
| 655 | 7 |
_aElectronic books. _2local |
|
| 710 | 2 | _aebrary, Inc. | |
| 856 | 4 | 0 |
_uhttp://site.ebrary.com/lib/rucke/Doc?id=10217787 _zAn electronic book accessible through the World Wide Web; click to view |
| 999 |
_c129508 _d129508 |
||